The monster's ring / (Record no. 2491)

MARC details
000 -LEADER
fixed length control field 01119cam a2200337 a 4500
005 - DATE AND TIME OF LATEST TRANSACTION
control field 20250218093433.0
020 ## - INTERNATIONAL STANDARD BOOK NUMBER
International Standard Book Number 0152046186
020 ## - INTERNATIONAL STANDARD BOOK NUMBER
International Standard Book Number 9780439809030
040 ## - CATALOGING SOURCE
Original cataloging agency DLC
Transcribing agency DLC
Modifying agency DLC
Language of cataloging eng
050 00 - LIBRARY OF CONGRESS CALL NUMBER
Classification number PZ7.C8344
Item number Mo 2002
082 00 - DEWEY DECIMAL CLASSIFICATION NUMBER
Classification number 813.5
Edition number 21
100 1# - MAIN ENTRY--PERSONAL NAME
Personal name Coville, Bruce
245 14 - TITLE STATEMENT
Title The monster's ring /
Statement of responsibility, etc. Bruce Coville ; illustrated by Katherine Coville.
250 ## - EDITION STATEMENT
Edition statement First Scholastic printing, September 2005
260 ## - PUBLICATION, DISTRIBUTION, ETC.
Place of publication, distribution, etc. New York :
Name of publisher, distributor, etc. Scholastic,
Date of publication, distribution, etc. 2002
300 ## - PHYSICAL DESCRIPTION
Extent 105 pages :
Other physical details illustrations ;
Dimensions 22 cm
500 ## - GENERAL NOTE
General note "A magic shop book."
505 ## - FORMATTED CONTENTS NOTE
Formatted contents note K
520 ## - SUMMARY, ETC.
Summary, etc. A timid boy, eager to frighten the school bully on Halloween night, acquires a magic ring and the power to change himself into a hideous monster.
521 ## - TARGET AUDIENCE NOTE
Target audience note 550
Source Lexile
521 ## - TARGET AUDIENCE NOTE
Target audience note K
Source Raz-Plus
650 #1 - SUBJECT ADDED ENTRY--TOPICAL TERM
Topical term or geographic name entry element Monsters
Form subdivision Fiction.
650 #1 - SUBJECT ADDED ENTRY--TOPICAL TERM
Topical term or geographic name entry element Bullies and bullying
Form subdivision Fiction.
650 #1 - SUBJECT ADDED ENTRY--TOPICAL TERM
Topical term or geographic name entry element Halloween
Form subdivision Fiction.
650 #1 - SUBJECT ADDED ENTRY--TOPICAL TERM
Topical term or geographic name entry element Schools
Form subdivision Fiction.
650 #1 - SUBJECT ADDED ENTRY--TOPICAL TERM
Topical term or geographic name entry element Magic
Form subdivision Fiction.
700 1# - ADDED ENTRY--PERSONAL NAME
Personal name Coville, Katherine
Relator term illustrator
906 ## - LOCAL DATA ELEMENT F, LDF (RLIN)
a 7
b cbc
c orignew
d 1
e ecip
f 20
g y-gencatlg
942 ## - ADDED ENTRY ELEMENTS (KOHA)
Source of classification or shelving scheme Dewey Decimal Classification
Koha item type Books
Suppress in OPAC No
999 ## -
-- 2491
-- 2491
Holdings
Withdrawn status Lost status Source of classification or shelving scheme Damaged status Not for loan Collection Home library Current library Shelving location Date acquired Total Checkouts Full call number Barcode Date last seen Date last checked out Price effective from Koha item type Copy number
    Dewey Decimal Classification     Juvenile Fiction Footprints International School Library Network Toul Kork Campus Footprints International School Library Network Toul Kork Campus TTP Primary Yellow Bookshelves 12/12/2023 2 COV 813.5 PZ7.C8344 FISSE02174 02/20/2024 02/06/2024 12/12/2023 Books  
    Dewey Decimal Classification     Juvenile Fiction Footprints International School Library Network Toul Kork Campus Footprints International School Library Network Toul Kork Campus TTP Primary Yellow Bookshelves 02/18/2025   COV 813.5 PZ7.C8344 2025-0594 02/18/2025   02/18/2025 Books 2